000 00330nam a2200145Ia 4500
008 150201s2001 xx 000 0 und d
082 _a610
_bP2001M
100 _aMODEL D.G.
245 _aPRACTICAL GENERAL MEDICINE
250 _a1ST
260 _bAITBS
_aDELHI
_c2001
300 _a1-318
650 _aMEDICINE
942 _2ddc
_cBK
999 _c3002
_d3002